The Run and Go lyrics - twenty one pilots - Statistics

General Stats
  • This quiz has been taken 68 times
  • The average score is 333 of 359
Answer Stats
word % Correct
a
100%
Do
100%
do
100%
I
100%
am
97%
and
97%
go
97%
on
97%
run
97%
the
97%
Don't
95%
know,
95%
know
95%
my
95%
wanna
95%
you
95%
But
92%
From
92%
from
92%
have
92%
in
92%
need
92%
nighttime
92%
own,
92%
own
92%
to
92%
all
89%
away
89%
call
89%
demons
89%
give
89%
man
89%
me
89%
rooms
89%
stay
89%
take
89%
them
89%
can't
87%
Is
87%
is
87%
killed
87%
several
87%
tonight,
87%
Tonight,
87%
up
87%
You'll
87%
down
84%
one
84%
pieces
84%
struggle
84%
against
82%
hand
82%
hear
82%
I'm
82%
wall,
82%
wall
82%
watch
82%
hall
79%
not
79%
thunder
79%
troubles
79%
coming
76%
accusations
71%
conversations
71%
nights
71%
I'll
68%
one-way
68%
ooh
68%
Pa,
66%
Cold
63%
Cerebral
53%
under
50%
siege
42%
No matching quizzes found
Score Distribution
Percent of People with Each Score
Percentile by Number Answered
Your Score History
You have not taken this quiz